AN INTRODUCTION TO DERIVATIVATIVES AND RISK MANAGEMENT (Record no. 12028)

MARC details
000 -LEADER
fixed length control field 00426nam a22001697a 4500
003 - CONTROL NUMBER IDENTIFIER
control field OSt
005 - DATE AND TIME OF LATEST TRANSACTION
control field 20211012152605.0
008 - FIXED-LENGTH DATA ELEMENTS--GENERAL INFORMATION
fixed length control field 211012b |||||||| |||| 00| 0 eng d
020 ## - INTERNATIONAL STANDARD BOOK NUMBER
International Standard Book Number 13 9778 0-324-60113-8
040 ## - CATALOGING SOURCE
Transcribing agency HU
082 ## - DEWEY DECIMAL CLASSIFICATION NUMBER
Edition number 332'6
100 ## - MAIN ENTRY--PERSONAL NAME
Personal name CHANCE M DON
9 (RLIN) 12952
245 ## - TITLE STATEMENT
Title AN INTRODUCTION TO DERIVATIVATIVES AND RISK MANAGEMENT
260 ## - PUBLICATION, DISTRIBUTION, ETC.
Place of publication, distribution, etc. CANADA
Name of publisher, distributor, etc. CANADA
Date of publication, distribution, etc. 2010
300 ## - PHYSICAL DESCRIPTION
Extent 652
942 ## - ADDED ENTRY ELEMENTS (KOHA)
Source of classification or shelving scheme Dewey Decimal Classification
Koha item type Books like text book referance book
Suppress in OPAC No
Holdings
Withdrawn status Lost status Source of classification or shelving scheme Damaged status Not for loan Home library Current library Shelving location Date acquired Full call number Barcode Date last seen Copy number Price effective from Koha item type Total Checkouts
    Dewey Decimal Classification     College of Business and Economics Library College of Business and Economics Library General Stacks 10/12/2021 332'6/CHA MBEIJB 000001305 10/12/2021 1 10/12/2021 Books like text book referance book  
    Dewey Decimal Classification     College of Business and Economics Library College of Business and Economics Library General Stacks 10/12/2021 332'6/CHA MBEIJB 000001298 10/12/2021 2 10/12/2021 Books like text book referance book  
    Dewey Decimal Classification     College of Business and Economics Library College of Business and Economics Library General Stacks 10/12/2021 332'6/CHA MBEIJB 00001306 10/12/2021 3 10/12/2021 Books like text book referance book  
    Dewey Decimal Classification     College of Business and Economics Library College of Business and Economics Library General Stacks 10/12/2021 332'6/CHA MBEIJB 00001295 10/12/2021 4 10/12/2021 Books like text book referance book  
    Dewey Decimal Classification     College of Business and Economics Library College of Business and Economics Library General Stacks 10/12/2021 332'6/CHA MBEIJB 000001296 10/12/2021 5 10/12/2021 Books like text book referance book  
    Dewey Decimal Classification     College of Business and Economics Library College of Business and Economics Library General Stacks 10/12/2021 332'6/CHA MBEIJB 00001297 10/12/2021 6 10/12/2021 Books like text book referance book